Normal view
MARC view
Entry Término temático
001 - NÚMERO DE CONTROL
- campo de control: 91117
003 - IDENTIFICADOR DE NÚMERO DE CONTROL
- campo de control: OSt
005 - FECHA Y HORA DE LA ÚLTIMA TRANSACCIÓN
- campo de control: 20241029145115.0
008 - ELEMENTOS DE DATO DE LONGITUD-FIJA
- campo de control de longitud fija: 241029|| aca||aabn | a|a d
040 ## - FUENTE DE CATALOGACIÓN
- Centro catalogador/agencia de origen: OSt
- Centro/agencia transcriptor: OSt
150 ## - ENCABEZAMIENTO--TÉRMINO DE MATERIA
- Término de materia o nombre geográfico como elemento de entrada: Monedas españolas-
- Subdivisión geográfica: España-
- Subdivisión geográfica: Albacete
670 ## - FUENTE DE DATOS ENCONTRADOS
- Cita de la fuente: Work cat.: (OSt)37777: Alberola, Antonio. 25500, Moneda antigua y vida económica en las comarcas del Vinalopó / , D.L. 1998.